|
|
|
|
| LEADER |
00745cam a2200253 7i4500 |
| 001 |
0000054434 |
| 005 |
20151104090000.0 |
| 005 |
##20151104173000.0 |
| 002 |
##000001383 |
| 003 |
##MY-KlINT |
| 008 |
151104 00010 eng |
| 039 |
# |
9 |
|y 201511041730
|z VLOAD
|
| 090 |
0 |
0 |
|a 305.89510595 TAN
|
| 100 |
1 |
# |
|a Tan Koon Swan.
|
| 245 |
0 |
0 |
|a Malaysian Chinese :
|b toward national unity /
|c Tan Koon Swan..
|
| 250 |
# |
# |
|a 1st ed..
|
| 260 |
# |
# |
|a Petaling Jaya:
|b Eastern Universities Press,
|c 1984.
|
| 300 |
# |
# |
|a 103p; 22cm.
|
| 650 |
# |
0 |
|a Race relations
|
| 650 |
# |
0 |
|a Chinese Malaysian
|
| 996 |
|
|
|a ikwas2000.out
|
| 997 |
|
|
|a 3000016182
|b IKWS
|c MNF
|d BOK
|
| 998 |
|
|
|a 0000001363
|
| 999 |
|
|
|a 3000016182
|b BOOK
|c Main Non-Fiction
|e INTAN Kampus Wilayah Selatan
|